Competências essenciais no ensino básico (Registo nº 27)

Detalhes MARC
000 -Etiqueta do registo
Cabeçalho 01110cam a2200361 4500
005 - Identificador da versão
Campo de controlo 20240813121752.0
010 ## - Número internacional normalizado dos livros (ISBN)
Número (ISBN) 9724125262
021 ## - Número do Depósito Legal
Código do país PT
Número 161605/01
035 ## - Other System Control Numbers
System Control Number 0000028
System Control Number 0000028
System Control Number 0000028
System Control Number 0000028
100 ## - Dados gerais de processamento
Dados gerais de processamento 20010806d2001 m y0pory5003 ba
102 ## - Pais de publicação ou produção
País de publicação Portugal
101 0# - Língua de publicação
Língua do texto, banda sonora, etc. Português
106 ## - Campo de dados codificados: material textual
Dados codificados do material textual r
105 ## - Campo de dados codificados: livros
Dados codificados dos livros y z 001yy
215 ## - Descrição física 
Indicação específica da natureza do documento e extensão da espécie 63, [1] p.
Dimensões 21 cm
200 1# - Titulo e menção de responsabilidade
Título próprio Competências essenciais no ensino básico
Informação de outro título visões multidisciplinares
Primeira menção de responsabilidade Paulo Feytor Pinto... [et al.]
225 2# - Colecção 
Título próprio da colecção Cadernos do CRIAP.
Nome de uma parte ou secção Investigação e práticas
Indicação de volume 23
205 ## - Menção da edição
Menção da edição 1ª ed
210 ## - Publicação, Distribuição, etc. 
Lugar da edição, distribuição, etc. Porto
Nome do editor, distribuidor, etc. Asa
Data da publicação, distribuição, etc. 2001
320 ## - Nota relativa a bibliografia e índices internos 
Texto da nota Contém bibliografia
606 ## - Nome comum usado como assunto
Número de registo de entrada de autoridade 0000069
Palavra de ordem Ensino básico
Subdivisão de assunto Importância das competências essenciais (Educação)
Subdivisão geográfica Portugal
Subdivisão de assunto [Ensaios]
675 ## - Classificação Decimal Universal (CDU)
Notação 373.3/.4(469)(042.3)
Edição BN
Língua da edição por
Notação 371.3(469)(042.3)
Edição BN
Língua da edição por
Notação 371.214(469)(042.3)
Edição BN
Língua da edição por
701 ## - Nome de autor-pessoa física (co-responsabilidade principal)
Palavra de ordem Pinto
Outra parte do nome não tomada para palavra de ordem Paulo Feitor
Datas 1963-
966 ## - Identificação da Biblioteca
Sigla NUMETECA
942 ## - Elementos de entrada adicionados (Koha)
Tipo de item no Koha Livro
Exemplares
Situação do levantamento Origin of item (home branch) (coded) Biblioteca de empréstimo Código de barras Cota Circulation type (not for loan) Tipo de documento Nota do exemplar Damaged status
  Biblioteca Escolar Eng. Nuno Mergulhão Biblioteca Escolar Eng. Nuno Mergulhão BENM277 3PED   Livro Sem mensagem